[Event "KEN-ch"]
[Site "Nairobi"]
[Date "2022.12.28"]
[Round "6"]
[White "Juma, Maxwell"]
[Black "Omosa, Fredrick"]
[Result "1-0"]
[WhiteElo "1649"]
[BlackElo "1487"]
[PlyCount "69"]
[EventDate "2022.12.26"]
[EventType "swiss"]
[EventRounds "9"]
[EventCountry "KEN"]
[SourceTitle "EXT 2024"]
[Source "ChessBase"]
[SourceDate "2023.10.10"]
[SourceVersion "1"]
[SourceVersionDate "2023.10.10"]
[SourceQuality "1"]

1. e4 e5 2. Nf3 Nf6 3. Nc3 Nc6 4. Bc4 h6 5. 0-0 Bc5 6. a3 d6 7. h3 0-0 8. d3 a6 9. Be3 Bb6 10. Bxb6 cxb6 11. Qd2 Nh5 12. Ne2 b5 13. Bd5 Ne7 14. Bb3 Ng6 15. d4 Qf6 16. Qe3 Nhf4 17. dxe5 dxe5 18. Kh2 Nxe2 19. Qxe2 Qf4+ 20. g3 Qf6 21. a4 bxa4 22. Rxa4 b5 23. Raa1 Be6 24. Bd5 Bxd5 25. exd5 Rfd8 26. Rfd1 Rd6 27. Nd2 Rxd5 28. Ne4 Qc6 29. Rxd5 Qxd5 30. Qf3 Rd8 31. Rxa6 f5 32. Qxf5 Nf8 33. Ra7 Rd7 34. Qg4 Rxa7 35. Nf6+ 1-0

[Event "KEN-ch"]
[Site "Nairobi"]
[Date "2022.12.27"]
[Round "4"]
[White "Juma, Maxwell"]
[Black "Manyeki, Nathaniel"]
[Result "0-1"]
[WhiteElo "1649"]
[BlackElo "1219"]
[PlyCount "69"]
[EventDate "2022.12.26"]
[EventType "swiss"]
[EventRounds "9"]
[EventCountry "KEN"]
[SourceTitle "EXT 2024"]
[Source "ChessBase"]
[SourceDate "2023.10.10"]
[SourceVersion "1"]
[SourceVersionDate "2023.10.10"]
[SourceQuality "1"]

1. e4 c6 2. d4 d5 3. Nc3 dxe4 4. Nxe4 Nf6 5. Ng3 Bg4 6. f3 Bh5 7. Nxh5 Nxh5 8. c3 e6 9. Bd3 Qh4+ 10. Kf1 Ng3+ 11. hxg3 Qxh1 12. f4 Qh6 13. f5 Qf6 14. Nf3 h6 15. fxe6 Qxe6 16. Qc2 Bd6 17. Bf4 0-0 18. Re1 Qf6 19. Be5 Bxe5 20. dxe5 Qe7 21. Nd4 Nd7 22. Nf5 Qg5 23. Bc4 Rae8 24. Kg1 Nxe5 25. Be2 Ng4 26. Rf1 Ne3 27. Qd3 Nxf1 28. Kxf1 Re5 29. g4 Rfe8 30. Nd4 Qf6+ 31. Bf3 Rd8 32. Qc2 Qf4 33. Kf2 Rxd4 34. cxd4 Qxd4+ 35. Kg3 0-1

[Event "KEN-chT"]
[Site "Nairobi"]
[Date "2017.08.05"]
[Round "14.1"]
[White "Mwangi, Martin Njoroge"]
[Black "Juma, Maxwell"]
[Result "1-0"]
[WhiteElo "1749"]
[BlackElo "1681"]
[PlyCount "113"]
[EventDate "2017.02.12"]
[EventType "team-tourn"]
[EventRounds "19"]
[EventCountry "KEN"]
[SourceTitle "EXT 2019"]
[Source "ChessBase"]
[SourceDate "2018.10.10"]
[SourceVersion "1"]
[SourceVersionDate "2018.10.10"]
[SourceQuality "1"]
[WhiteTeam "Strathmore University"]
[BlackTeam "Kenyatta University"]
[WhiteTeamCountry "KEN"]
[BlackTeamCountry "KEN"]

1. Nf3 d5 2. d3 Nc6 3. Nbd2 Nf6 4. g3 e5 5. e4 dxe4 6. dxe4 Bg4 7. h3 Bh5 8. Bg2 Bc5 9. 0-0 0-0 10. c3 Qd3 11. Re1 Rad8 12. Qb3 Bb6 13. Bf1 Qd7 14. Qc2 Bg6 15. Nh4 Nh5 16. Kg2 a6 17. Nc4 Ba7 18. Bg5 f6 19. Nxg6 hxg6 20. Rad1 Qe7 21. Bc1 f5 22. Ne3 Bxe3 23. Bxe3 f4 24. Bc1 fxg3 25. fxg3 Qf6 26. Bc4+ Kh7 27. Rf1 Qe7 28. Be3 b5 29. Be2 Nf6 30. b4 Rh8 31. Bc5 Qe6 32. Rxd8 Nxd8 33. c4 c6 34. Be3 Nf7 35. c5 Kg8 36. Rh1 Nh6 37. Rd1 Kf7 38. g4 Nfxg4 39. hxg4 Nxg4 40. Bg1 Ne3+ 41. Bxe3 Qh3+ 42. Kf2 Qh4+ 43. Kf1 Ke7 44. Bf3 Rf8 45. Ke2 Rxf3 46. Kxf3 Qh5+ 47. Kg3 g5 48. Rg1 Qh4+ 49. Kg2 Qg4+ 50. Kf1 Qf3+ 51. Bf2 g4 52. Rg3 Qf4 53. Qe2 g5 54. Qxg4 Qc1+ 55. Kg2 Ke8 56. Qe6+ Kd8 57. Rd3+ 1-0